| 000 | 00740nam a2200205 a 4500 | ||
|---|---|---|---|
| 001 | 5762 | ||
| 003 | CDMR | ||
| 005 | 20131213174201.0 | ||
| 008 | 130130s ||||||||||||||||||||||||||||d | ||
| 040 |
_aCDMR _bcat _cCDMR |
||
| 245 | 0 |
_aL'organizzazione del giornalismo in Italia _b: Milano, maggio 1929 _ca cura del Sindicato Nazionale dei Giornalisti Italiani |
|
| 246 |
_aLa organización del periodismo en Italia _b: Milán, mayo de 1929 |
||
| 260 |
_bPadiglione Italiano della Stampa _aBarcelona _c1929 |
||
| 300 | _a190 p. | ||
| 500 | _aExemplar dedicat | ||
| 650 | 0 | 4 |
_94108 _aPeriodisme _zItàlia |
| 650 | 0 | 4 |
_9216 _aAssociacions de professionals i tècnics |
| 710 | 0 | 4 |
_94318 _aSindicato Nazionale dei Giornalisti Italiani |
| 942 |
_cMON _2udc |
||
| 999 |
_c5762 _d5762 |
||